000 00308 a2200109 4500
001 ART_5515
005 20260410161616.0
008 260409a
245 1 0 _a¿Quién inventó la contabilidad?
100 1 _aGarcía Casella, Carlos Luis
773 0 _tEnfoques
_g- Nº 1 (ene. 2005)
_wREV416
999 _c11105
_d11105